Chile: la administración territorial
Сохранить в:
| Главный автор: | |
|---|---|
| Формат: | |
| Язык: | испанский |
| Опубликовано: |
Valparaíso
Prolibros
2016
|
| Редактирование: | 1a. ed |
| Предметы: | |
| Метки: |
Добавить метку
Нет меток, Требуется 1-ая метка записи!
|
MARC
| LEADER | 00000cam a2200000 a 4500 | ||
|---|---|---|---|
| 001 | UCD2372 | ||
| 003 | CL-VaPUC | ||
| 008 | 160421e20160000cl |||||||||||||||||spa|d | ||
| 020 | |a 9789569623028 | ||
| 082 | 0 | 4 | |a 342.02 |b SAN |2 21 |
| 100 | 0 | |a Sanhueza Pino, Bernardino |e author |9 585711 | |
| 245 | 1 | 0 | |a Chile: la administración territorial |
| 250 | |a 1a. ed | ||
| 300 | |a 308 p | ||
| 942 | |c BK | ||
| 945 | |d 20160421 23:07:00 |a arojas | ||
| 260 | |a Valparaíso |b Prolibros |c 2016 | ||
| 500 | |a Introducción y antecedentes generales | ||
| 500 | |a Repaso histórico a la división territorial | ||
| 500 | |a La administración territorial | ||
| 500 | |a Administración territorial centralizada y desconcentrada | ||
| 500 | |a Administración territorial descentralizada | ||
| 650 | 0 | |a Territorio |9 378883 | |
| 650 | 7 | |a LEGISLACION ADMINISTRATIVA |2 CL-VaPUC |9 391157 | |
| 650 | 7 | |a DIVISION TERRITORIAL |2 CL-VaPUC |9 585712 | |
| 650 | 7 | |a CENTRALIZACION ADMINISTRATIVA |2 CL-VaPUC |9 384488 | |
| 650 | 0 | |a Descentralización administrativa (administración descentralizada) |9 255464 | |
| 651 | 7 | |a CHILE |2 CL-VaPUC |9 585713 | |
| 583 | |a last modification |c 20160505 09:46:49 |k Rodrigo Vera | ||
| 999 | |c 363534 |d 363532 | ||
| 952 | |0 0 |1 0 |3 erb |4 0 |6 342_020000000000000_SAN_2016 |7 0 |8 A |9 475994 |a BIBDER |b BIBDER |i 5283299 |o 342.02 SAN 2016 |p 5283299 |r 2023-01-25 |w 2019-11-24 |y BK |z Catalogado en:20160421 |k DER | ||